000 01086nam a2200241Ia 4500
003 Ost
005 20260507075412.0
008 260507s9999||||xx |||||||||||||| ||und||
020 _a9957242113
040 _cfsecg
041 _aara
082 _a600
100 _aالعناتي، رضوان
_eمؤلف
245 0 _aمحاسبة التكاليف :
_bمفاهيم /
_c رضوان العناتي
250 _aطبعة 3
260 _aعمان:
_bدار صفاء,
_c2005
300 _a232 صفحة؛
_bإيضاحات ؛
_c24 سم
504 _aالمراجع ص.231
520 _aيضم مقدمة في محاسبة التكاليف،أنواع التكاليف، عناصر التكاليف، قوائم الأعمال، نظام تكاليف أوامر التشغيل، نظام تكاليف مراحل التشغيل، نظريات التكاليف، نظام التكاليف والإدارة على أساس الأنشطة، تطبيقات في محاسبة التكاليف
653 _aالمحاسبة
653 _aمحاسبة التكاليف
942 _cكتاب
999 _c44413
_d44413